| 000 | 00521 a2200217 4500 | ||
|---|---|---|---|
| 260 | _aParis | ||
| 100 | _aLEFORT, Etienne | ||
| 700 | 1 | _aMARCHAL, Jean | |
| 260 | _bEditions du GRET | ||
| 245 | _aLes forages à faibles coûts :techniques et procédés | ||
| 300 | _a96 p. | ||
| 650 | _aMatériel de forage | ||
| 650 | _aForage | ||
| 260 | _c1996 | ||
| 300 | _bcouv. ill. en coul. : ill. ; 30 cm. | ||
| 130 | _lFr | ||
| 440 | _aEtudes et Travaux | ||
| 020 | _a2-96844-080-0 | ||
| 999 |
_c28220 _d28220 |
||